[Event "Taujenai Manor Cup"]
[Site "Taujenai"]
[Date "2021.11.28"]
[Round "5"]
[White "Posaskov, Sergej"]
[Black "Paliulis, Aivaras"]
[Result "1-0"]
[WhiteElo "1539"]
[BlackElo "1714"]
[PlyCount "87"]
[EventDate "2021.11.27"]
[EventType "swiss (rapid)"]
[EventRounds "9"]
[EventCountry "LTU"]
[SourceTitle "EXT 2023"]
[Source "ChessBase"]
[SourceDate "2022.10.05"]
[SourceVersion "1"]
[SourceVersionDate "2022.10.05"]
[SourceQuality "1"]

1. d4 Nf6 2. c4 g6 3. Nc3 Bg7 4. e4 d6 5. f4 0-0 6. Nf3 Nc6 7. Be3 Bg4 8. Be2 Bxf3 9. Bxf3 e5 10. d5 exf4 11. Bxf4 Ne5 12. Bxe5 dxe5 13. 0-0 Nd7 14. b4 f5 15. Rc1 Qg5 16. c5 Rf7 17. Nb5 fxe4 18. Bg4 Rxf1+ 19. Kxf1 Qe3 20. g3 Rf8+ 21. Kg2 Nf6 22. Be6+ Kh8 23. Nxc7 Qf3+ 24. Qxf3 exf3+ 25. Kf1 e4 26. d6 e3 27. Bc4 Ne4 28. Ne6 Nd2+ 29. Ke1 f2+ 30. Kd1 Nxc4 31. Ke2 f1Q+ 32. Rxf1 Rxf1 33. Kxf1 Bf6 34. d7 Kg8 35. d8Q+ Bxd8 36. Nxd8 b6 37. c6 Kf8 38. Ne6+ Ke7 39. Ng5 h6 40. Ne4 Nd2+ 41. Nxd2 exd2 42. Ke2 Kd6 43. b5 a6 44. a4 1-0

[Event "LTU-ch"]
[Site "Vilnius"]
[Date "2019.03.21"]
[Round "9"]
[White "Vazgauskas, Povilas"]
[Black "Posaskov, Sergej"]
[Result "1-0"]
[WhiteElo "1560"]
[BlackElo "1508"]
[PlyCount "55"]
[EventDate "2019.03.15"]
[EventType "swiss"]
[EventRounds "9"]
[EventCountry "LTU"]
[SourceTitle "EXT 2020"]
[Source "ChessBase"]
[SourceDate "2019.10.17"]
[SourceVersion "1"]
[SourceVersionDate "2019.10.17"]
[SourceQuality "1"]

1. e4 c5 2. Nf3 Nc6 3. d4 cxd4 4. Nxd4 g6 5. Nc3 Bg7 6. Nb3 Nf6 7. Bg5 d6 8. Be2 a5 9. a4 Bd7 10. Qd2 Ne5 11. f4 Nc6 12. 0-0 Qb6+ 13. Kh1 Nb4 14. h3 Nh5 15. Bxh5 gxh5 16. Rad1 h6 17. Bh4 Qc6 18. Rf3 Rg8 19. Nd5 Nxd5 20. exd5 Qxa4 21. Re3 Bf8 22. Rde1 e6 23. dxe6 fxe6 24. Qe2 Kf7 25. Qxh5+ Rg6 26. f5 exf5 27. Re7+ Bxe7 28. Rxe7+ 1-0

[Event "LTU-ch"]
[Site "Vilnius"]
[Date "2019.03.15"]
[Round "1"]
[White "Vardanyan, Aras"]
[Black "Posaskov, Sergej"]
[Result "1-0"]
[WhiteElo "1916"]
[BlackElo "1508"]
[PlyCount "81"]
[EventDate "2019.03.15"]
[EventType "swiss"]
[EventRounds "9"]
[EventCountry "LTU"]
[SourceTitle "CBM 189 Extra"]
[Source "ChessBase"]
[SourceDate "2019.06.03"]
[SourceVersion "1"]
[SourceVersionDate "2019.06.03"]
[SourceQuality "1"]

1. d4 Nf6 2. c4 g6 3. Nf3 Bg7 4. Nc3 0-0 5. e4 d6 6. Be2 a6 7. 0-0 b6 8. Be3 Bb7 9. Nd2 Nbd7 10. Qc2 Ne8 11. a4 c6 12. f4 f5 13. exf5 Rxf5 14. Bg4 e6 15. Bxf5 exf5 16. a5 b5 17. c5 d5 18. Nf3 Nef6 19. Bf2 Qc7 20. Ne5 Nf8 21. Bh4 Ne6 22. Bxf6 Bxf6 23. Qd2 Ng7 24. b4 Ne8 25. Rae1 Bg7 26. g4 fxg4 27. f5 Nf6 28. fxg6 Qd8 29. gxh7+ Nxh7 30. Qf4 Ng5 31. Qxg4 Bc8 32. Qh5 Qe7 33. Nxc6 Nh3+ 34. Kh1 Nf2+ 35. Kg2 Bh3+ 36. Kg1 Qxe1 37. Rxe1 Bg4 38. Re8+ Rxe8 39. Qxe8+ Kh7 40. Kxf2 Bf5 41. Qh5+ 1-0